[Event "Deutsche Ländermeisterschaft 2025"]
[Site "Oer-Erkenschwick GER"]
[Date "2025.10.05"]
[Round "7"]
[White "Schwarz, David"]
[Black "Sauer, Tim"]
[Result "1/2-1/2"]
[Termination "normal"]
[Board "4.1"]
[BlackTitle "CM"]
[WhiteElo "2149"]
[BlackElo "2234"]
[WhiteClock "01:06:47"]
[BlackClock "00:24:35"]
[WhiteTeam "Rheinland-Pfalz"]
[BlackTeam "Niedersachsen"]
[PlyCount "98"]
[WhiteFideId "16287614"]
[BlackFideId "16265726"]
[EventCountry "GER"]
[EventRounds "7"]
[EventType "team-swiss"]
[EventDate "2025.09.30"]

1. d4 {[%clk 01:30:55]} {[%emt 00:00:04]} d5 {[%clk 01:30:53]} {[%emt
00:00:07]} 2. Nf3 {[%clk 01:30:49]} {[%emt 00:00:36]} Nf6 {[%clk 01:31:11]}
{[%emt 00:00:12]} 3. c3 {[%clk 01:31:16]} {[%emt 00:00:03]} c5 {[%clk
01:30:55]} {[%emt 00:00:46]} 4. dxc5 {[%clk 01:31:40]} {[%emt 00:00:06]} e6
{[%clk 01:31:04]} {[%emt 00:00:20]} 5. Be3 {[%clk 01:31:57]} {[%emt 00:00:13]}
Be7 {[%clk 01:29:52]} {[%emt 00:01:42]} 6. g3 {[%clk 01:26:33]} {[%emt
00:05:55]} Nc6 {[%clk 01:14:21]} {[%emt 00:16:01]} 7. b4 {[%clk 01:26:08]}
{[%emt 00:00:56]} Ng4 {[%clk 00:57:14]} {[%emt 00:17:36]} 8. Bd4 {[%clk
01:24:25]} {[%emt 00:02:13]} e5 {[%clk 00:52:07]} {[%emt 00:05:38]} 9. h3
{[%clk 01:24:30]} {[%emt 00:00:25]} exd4 {[%clk 00:52:11]} {[%emt 00:00:26]}
10. hxg4 {[%clk 01:24:56]} {[%emt 00:00:04]} dxc3 {[%clk 00:50:30]} {[%emt
00:02:11]} 11. Nxc3 {[%clk 01:09:31]} {[%emt 00:15:55]} Nxb4 {[%clk 00:45:19]}
{[%emt 00:05:41]} 12. Qa4+ {[%clk 01:05:12]} {[%emt 00:04:49]} Nc6 {[%clk
00:44:06]} {[%emt 00:01:44]} 13. Rd1 {[%clk 01:05:36]} {[%emt 00:00:05]} Bxc5
{[%clk 00:29:09]} {[%emt 00:15:28]} 14. Nxd5 {[%clk 00:52:26]} {[%emt
00:13:40]} Be6 {[%clk 00:26:19]} {[%emt 00:03:19]} 15. Qe4 {[%clk 00:51:21]}
{[%emt 00:01:36]} Qa5+ {[%clk 00:25:50]} {[%emt 00:00:59]} 16. Nd2 {[%clk
00:51:47]} {[%emt 00:00:04]} Bxf2+ {[%clk 00:09:25]} {[%emt 00:16:55]} 17. Kxf2
{[%clk 00:52:06]} {[%emt 00:00:11]} Qxd5 {[%clk 00:09:49]} {[%emt 00:00:07]}
18. Bg2 {[%clk 00:51:32]} {[%emt 00:01:04]} Qc5+ {[%clk 00:04:50]} {[%emt
00:05:28]} 19. e3 {[%clk 00:50:40]} {[%emt 00:01:22]} O-O-O {[%clk 00:03:48]}
{[%emt 00:01:32]} 20. Nb3 {[%clk 00:50:05]} {[%emt 00:01:05]} Bxb3 {[%clk
00:00:34]} {[%emt 00:03:44]} 21. axb3 {[%clk 00:50:18]} {[%emt 00:00:17]} Kb8
{[%clk 00:00:35]} {[%emt 00:00:29]} 22. Qf5 {[%clk 00:47:16]} {[%emt 00:03:32]}
Qe7 {[%clk 00:00:32]} {[%emt 00:00:34]} 23. Bxc6 {[%clk 00:46:11]} {[%emt
00:01:35]} bxc6 {[%clk 00:00:50]} {[%emt 00:00:12]} 24. Rxh7 {[%clk 00:46:34]}
{[%emt 00:00:06]} Rxh7 {[%clk 00:00:43]} {[%emt 00:00:37]} 25. Rxd8+ {[%clk
00:46:59]} {[%emt 00:00:05]} Qxd8 {[%clk 00:01:10]} {[%emt 00:00:03]} 26. Qxh7
{[%clk 00:47:23]} {[%emt 00:00:06]} Qd2+ {[%clk 00:00:56]} {[%emt 00:00:44]}
27. Kf3 {[%clk 00:47:00]} {[%emt 00:00:53]} Qd1+ {[%clk 00:00:37]} {[%emt
00:00:48]} 28. Kf2 {[%clk 00:44:44]} {[%emt 00:02:46]} Qd2+ {[%clk 00:00:34]}
{[%emt 00:00:34]} 29. Kf3 {[%clk 00:45:12]} {[%emt 00:00:02]} Qd1+ {[%clk
00:00:57]} {[%emt 00:00:06]} 30. Kf2 {[%clk 00:45:39]} {[%emt 00:00:03]} Qxb3
{[%clk 00:01:19]} {[%emt 00:00:08]} 31. Qxg7 {[%clk 00:46:05]} {[%emt
00:00:03]} Qc2+ {[%clk 00:00:58]} {[%emt 00:00:51]} 32. Kf3 {[%clk 00:46:19]}
{[%emt 00:00:16]} Qd1+ {[%clk 00:00:57]} {[%emt 00:00:30]} 33. Kf2 {[%clk
00:46:48]} {[%emt 00:00:02]} Qd2+ {[%clk 00:01:16]} {[%emt 00:00:11]} 34. Kf3
{[%clk 00:47:04]} {[%emt 00:00:14]} Qd5+ {[%clk 00:01:34]} {[%emt 00:00:12]}
35. e4 {[%clk 00:47:08]} {[%emt 00:00:26]} Qb3+ {[%clk 00:00:32]} {[%emt
00:01:32]} 36. Kf4 {[%clk 00:47:13]} {[%emt 00:00:25]} Kb7 {[%clk 00:00:36]}
{[%emt 00:00:26]} 37. g5 {[%clk 00:46:56]} {[%emt 00:00:46]} Qe6 {[%clk
00:00:31]} {[%emt 00:00:35]} 38. g6 {[%clk 00:41:24]} {[%emt 00:06:03]} Qxg6
{[%clk 00:00:33]} {[%emt 00:00:29]} 39. Qxg6 {[%clk 00:40:01]} {[%emt
00:01:53]} fxg6 {[%clk 00:00:59]} {[%emt 00:00:04]} 40. Kg5 {[%clk 00:38:46]}
{[%emt 00:01:46]} c5 {[%clk 00:00:41]} {[%emt 00:00:48]} 41. e5 {[%clk
00:39:09]} {[%emt 00:00:07]} c4 {[%clk 00:00:38]} {[%emt 00:00:33]} 42. e6
{[%clk 00:39:37]} {[%emt 00:00:01]} c3 {[%clk 00:00:46]} {[%emt 00:00:22]} 43.
e7 {[%clk 00:40:01]} {[%emt 00:00:06]} c2 {[%clk 00:01:11]} {[%emt 00:00:04]}
44. e8=Q {[%clk 00:40:25]} {[%emt 00:00:06]} c1=Q+ {[%clk 00:01:36]} {[%emt
00:00:05]} 45. Kxg6 {[%clk 00:40:51]} {[%emt 00:00:04]} Qc2+ {[%clk 00:28:59]}
{[%emt 00:03:06]} 46. Kg5 {[%clk 01:09:35]} {[%emt 00:01:48]} Qc5+ {[%clk
00:28:37]} {[%emt 00:00:51]} 47. Kf4 {[%clk 01:08:30]} {[%emt 00:01:35]} Qf2+
{[%clk 00:24:41]} {[%emt 00:04:27]} 48. Kg4 {[%clk 01:08:04]} {[%emt 00:00:56]}
Qd4+ {[%clk 00:24:50]} {[%emt 00:00:21]} 49. Kf3 {[%clk 01:06:47]} {[%emt
00:01:47]} Qf6+ {[%clk 00:24:35]} {[%emt 00:00:45]} 1/2-1/2

[Event "Deutsche Ländermeisterschaft 2025"]
[Site "Oer-Erkenschwick GER"]
[Date "2025.10.05"]
[Round "7"]
[White "Sieber, Bert"]
[Black "Mader, Fabian"]
[Result "1-0"]
[Termination "normal"]
[Board "4.2"]
[WhiteElo "2177"]
[BlackElo "2153"]
[WhiteClock "00:02:21"]
[BlackClock "00:26:19"]
[WhiteTeam "Niedersachsen"]
[BlackTeam "Rheinland-Pfalz"]
[PlyCount "77"]
[WhiteFideId "16265971"]
[BlackFideId "16265866"]
[EventCountry "GER"]
[EventRounds "7"]
[EventType "team-swiss"]
[EventDate "2025.09.30"]

1. d4 {[%clk 01:30:58]} Nf6 {[%clk 01:30:52]} {[%emt 00:00:09]} 2. c4 {[%clk
01:31:19]} {[%emt 00:00:09]} g6 {[%clk 01:31:15]} {[%emt 00:00:07]} 3. Nc3
{[%clk 01:31:42]} {[%emt 00:00:06]} d5 {[%clk 01:31:40]} {[%emt 00:00:06]} 4.
Nf3 {[%clk 01:32:04]} {[%emt 00:00:06]} Bg7 {[%clk 01:32:05]} {[%emt 00:00:08]}
5. Qb3 {[%clk 01:32:26]} {[%emt 00:00:08]} dxc4 {[%clk 01:32:26]} {[%emt
00:00:09]} 6. Qxc4 {[%clk 01:32:51]} {[%emt 00:00:05]} O-O {[%clk 01:32:35]}
{[%emt 00:00:21]} 7. e4 {[%clk 01:33:13]} {[%emt 00:00:08]} Na6 {[%clk
01:32:01]} {[%emt 00:01:05]} 8. h3 {[%clk 01:28:41]} {[%emt 00:05:01]} c5
{[%clk 01:22:57]} {[%emt 00:09:34]} 9. d5 {[%clk 01:28:32]} {[%emt 00:00:39]}
e6 {[%clk 01:19:43]} {[%emt 00:03:44]} 10. Be2 {[%clk 01:23:46]} {[%emt
00:05:16]} exd5 {[%emt 00:03:01]} 11. exd5 {[%clk 01:23:56]} {[%emt 00:00:09]}
Bf5 {[%clk 01:14:37]} {[%emt 00:03:15]} 12. O-O {[%clk 01:22:21]} {[%emt
00:02:04]} Qb6 {[%clk 01:13:09]} {[%emt 00:02:00]} 13. a3 {[%clk 00:57:29]}
{[%emt 00:25:22]} Rac8 {[%clk 01:07:51]} {[%emt 00:05:47]} 14. Rd1 {[%clk
00:51:10]} {[%emt 00:06:49]} Bc2 {[%clk 01:02:28]} {[%emt 00:05:53]} 15. Rd2
{[%clk 00:45:10]} {[%emt 00:06:30]} Bb3 {[%clk 01:02:43]} {[%emt 00:00:16]} 16.
Na4 {[%clk 00:43:34]} {[%emt 00:02:06]} Bxa4 {[%clk 01:02:08]} {[%emt
00:01:06]} 17. Qxa4 {[%clk 00:39:30]} {[%emt 00:04:34]} Rfd8 {[%clk 01:00:41]}
{[%emt 00:01:56]} 18. Bc4 {[%clk 00:25:35]} {[%emt 00:14:24]} Nc7 {[%clk
00:48:43]} {[%emt 00:12:28]} 19. d6 {[%clk 00:24:22]} {[%emt 00:01:43]} Rxd6
{[%clk 00:48:39]} {[%emt 00:00:34]} 20. Rxd6 {[%clk 00:24:40]} {[%emt
00:00:12]} Qxd6 {[%clk 00:49:03]} {[%emt 00:00:05]} 21. Bf4 {[%clk 00:25:00]}
{[%emt 00:00:11]} Qb6 {[%clk 00:47:08]} {[%emt 00:02:25]} 22. Rd1 {[%clk
00:23:29]} {[%emt 00:02:00]} Ne6 {[%clk 00:42:07]} {[%emt 00:05:32]} 23. Rd6
{[%clk 00:17:36]} {[%emt 00:06:23]} Qxb2 {[%clk 00:41:19]} {[%emt 00:01:17]}
24. Rxe6 {[%clk 00:16:19]} {[%emt 00:01:46]} Rf8 {[%clk 00:37:41]} {[%emt
00:04:09]} 25. Re7 {[%clk 00:14:00]} {[%emt 00:02:50]} a6 {[%clk 00:35:59]}
{[%emt 00:02:13]} 26. Qb3 {[%clk 00:08:48]} {[%emt 00:05:41]} Qxb3 {[%clk
00:35:55]} {[%emt 00:00:33]} 27. Bxb3 {[%clk 00:09:16]} {[%emt 00:00:02]} b5
{[%clk 00:35:55]} {[%emt 00:00:31]} 28. Be5 {[%clk 00:08:08]} {[%emt 00:01:38]}
c4 {[%clk 00:33:07]} {[%emt 00:03:18]} 29. Bc2 {[%clk 00:08:37]} {[%emt
00:00:02]} Ra8 {[%clk 00:30:51]} {[%emt 00:02:45]} 30. Rb7 {[%clk 00:07:55]}
{[%emt 00:01:12]} h6 {[%clk 00:30:45]} {[%emt 00:00:37]} 31. a4 {[%clk
00:05:09]} {[%emt 00:03:16]} b4 {[%clk 00:25:41]} {[%emt 00:05:34]} 32. Rxb4
{[%clk 00:04:57]} {[%emt 00:00:41]} Rc8 {[%clk 00:24:38]} {[%emt 00:01:33]} 33.
Bxf6 {[%clk 00:03:16]} {[%emt 00:02:11]} Bxf6 {[%clk 00:25:02]} {[%emt
00:00:06]} 34. Rb6 {[%clk 00:03:43]} {[%emt 00:00:04]} Bg7 {[%clk 00:24:55]}
{[%emt 00:00:36]} 35. Rxa6 {[%clk 00:03:58]} {[%emt 00:00:16]} Rb8 {[%clk
00:25:07]} {[%emt 00:00:19]} 36. Rc6 {[%clk 00:03:30]} {[%emt 00:00:57]} c3
{[%clk 00:25:32]} {[%emt 00:00:05]} 37. a5 {[%clk 00:03:41]} {[%emt 00:00:20]}
Rb2 {[%clk 00:25:55]} {[%emt 00:00:06]} 38. a6 {[%clk 00:01:56]} {[%emt
00:02:15]} Rxc2 {[%clk 00:26:19]} {[%emt 00:00:06]} 39. a7 {[%clk 00:02:21]}
{[%emt 00:00:05]} 1-0

[Event "Deutsche Ländermeisterschaft 2025"]
[Site "Oer-Erkenschwick GER"]
[Date "2025.10.05"]
[Round "7"]
[White "Weber, Nikita"]
[Black "Mimkes, Antal"]
[Result "1/2-1/2"]
[Termination "normal"]
[Board "4.3"]
[WhiteElo "2057"]
[BlackElo "2116"]
[WhiteClock "00:18:07"]
[BlackClock "00:01:06"]
[WhiteTeam "Rheinland-Pfalz"]
[BlackTeam "Niedersachsen"]
[PlyCount "62"]
[WhiteFideId "34608770"]
[BlackFideId "16265963"]
[EventCountry "GER"]
[EventRounds "7"]
[EventType "team-swiss"]
[EventDate "2025.09.30"]

1. e4 {[%clk 01:30:57]} {[%emt 00:00:03]} e5 {[%clk 01:30:05]} {[%emt
00:00:55]} 2. d4 {[%clk 01:30:06]} {[%emt 00:01:22]} exd4 {[%clk 01:30:19]}
{[%emt 00:00:16]} 3. Qxd4 {[%clk 01:30:34]} {[%emt 00:00:02]} Qf6 {[%clk
01:29:54]} {[%emt 00:00:54]} 4. Nf3 {[%clk 01:10:36]} {[%emt 00:20:28]} Nc6
{[%clk 01:28:25]} {[%emt 00:01:59]} 5. Qe3 {[%clk 01:10:53]} {[%emt 00:00:14]}
Bb4+ {[%clk 01:12:53]} {[%emt 00:16:02]} 6. c3 {[%clk 01:10:06]} {[%emt
00:01:17]} Ba5 {[%clk 01:11:34]} {[%emt 00:01:49]} 7. e5 {[%clk 01:06:30]}
{[%emt 00:04:06]} Qe7 {[%clk 00:57:13]} {[%emt 00:14:52]} 8. Bc4 {[%clk
00:59:54]} {[%emt 00:07:04]} Bb6 {[%clk 00:47:24]} {[%emt 00:10:19]} 9. Qe2
{[%clk 01:00:03]} {[%emt 00:00:22]} f6 {[%clk 00:43:47]} {[%emt 00:04:08]} 10.
Bf4 {[%clk 00:58:40]} {[%emt 00:01:52]} fxe5 {[%clk 00:36:41]} {[%emt
00:07:36]} 11. Nxe5 {[%clk 00:55:46]} {[%emt 00:03:24]} Nf6 {[%clk 00:34:15]}
{[%emt 00:02:57]} 12. O-O {[%clk 00:51:24]} {[%emt 00:04:51]} d5 {[%clk
00:31:51]} {[%emt 00:02:53]} 13. Bd3 {[%clk 00:39:52]} {[%emt 00:12:02]} Nxe5
{[%clk 00:29:11]} {[%emt 00:03:11]} 14. Qxe5 {[%clk 00:38:41]} {[%emt
00:01:41]} Be6 {[%clk 00:21:37]} {[%emt 00:08:04]} 15. h3 {[%clk 00:31:11]}
{[%emt 00:08:00]} O-O-O {[%clk 00:19:51]} {[%emt 00:02:15]} 16. Re1 {[%clk
00:30:46]} {[%emt 00:00:56]} Rhe8 {[%clk 00:19:03]} {[%emt 00:01:18]} 17. Bf5
{[%clk 00:29:39]} {[%emt 00:01:37]} Rd6 {[%clk 00:18:38]} {[%emt 00:00:55]} 18.
Qe2 {[%clk 00:27:33]} {[%emt 00:02:36]} Rc6 {[%clk 00:18:39]} {[%emt 00:00:29]}
19. b4 {[%clk 00:26:42]} {[%emt 00:01:21]} Qf7 {[%clk 00:14:44]} {[%emt
00:04:26]} 20. Qc2 {[%clk 00:25:09]} {[%emt 00:02:03]} Ne4 {[%clk 00:12:24]}
{[%emt 00:02:49]} 21. Bxe4 {[%clk 00:25:15]} {[%emt 00:00:24]} dxe4 {[%clk
00:08:30]} {[%emt 00:04:24]} 22. Rxe4 {[%clk 00:25:18]} {[%emt 00:00:27]} Rf8
{[%clk 00:08:42]} {[%emt 00:00:18]} 23. Qe2 {[%clk 00:24:44]} {[%emt 00:01:04]}
Bd5 {[%clk 00:05:30]} {[%emt 00:03:43]} 24. Re5 {[%clk 00:23:27]} {[%emt
00:01:47]} Rf6 {[%clk 00:04:27]} {[%emt 00:01:33]} 25. g3 {[%clk 00:20:12]}
{[%emt 00:03:45]} c6 {[%clk 00:03:16]} {[%emt 00:01:40]} 26. Nd2 {[%clk
00:17:47]} {[%emt 00:02:55]} Rxf4 {[%clk 00:01:19]} {[%emt 00:02:28]} 27. gxf4
{[%clk 00:18:05]} {[%emt 00:00:12]} Qxf4 {[%clk 00:01:40]} {[%emt 00:00:09]}
28. Re8+ {[%clk 00:17:13]} {[%emt 00:01:21]} Rxe8 {[%clk 00:01:00]} {[%emt
00:01:10]} 29. Qxe8+ {[%clk 00:17:39]} {[%emt 00:00:04]} Kc7 {[%clk 00:01:17]}
{[%emt 00:00:12]} 30. Qe7+ {[%clk 00:17:38]} {[%emt 00:00:31]} Kc8 {[%clk
00:01:28]} {[%emt 00:00:19]} 31. Qe8+ {[%clk 00:18:07]} {[%emt 00:00:01]} Kc7
{[%clk 00:01:06]} {[%emt 00:00:52]} 1/2-1/2

[Event "Deutsche Ländermeisterschaft 2025"]
[Site "Oer-Erkenschwick GER"]
[Date "2025.10.05"]
[Round "7"]
[White "Tarasenko, Nazar"]
[Black "Vranckx, Oscar"]
[Result "1-0"]
[Termination "normal"]
[Board "4.4"]
[WhiteElo "2005"]
[BlackElo "2117"]
[WhiteClock "00:05:32"]
[BlackClock "00:29:38"]
[WhiteTeam "Niedersachsen"]
[BlackTeam "Rheinland-Pfalz"]
[PlyCount "113"]
[WhiteFideId "34161430"]
[BlackFideId "34608788"]
[EventCountry "GER"]
[EventRounds "7"]
[EventType "team-swiss"]
[EventDate "2025.09.30"]

1. d4 {[%clk 01:30:55]} {[%emt 00:00:04]} Nf6 {[%clk 01:30:54]} {[%emt
00:00:06]} 2. c4 {[%clk 01:31:16]} {[%emt 00:00:09]} e6 {[%clk 01:31:19]}
{[%emt 00:00:05]} 3. a3 {[%clk 01:31:41]} {[%emt 00:00:05]} c5 {[%clk
01:26:55]} {[%emt 00:04:53]} 4. d5 {[%clk 01:24:43]} {[%emt 00:07:29]} b5
{[%clk 01:25:16]} {[%emt 00:02:08]} 5. dxe6 {[%emt 00:03:19]} fxe6 {[%emt
00:00:15]} 6. cxb5 {[%clk 01:21:33]} {[%emt 00:00:05]} d5 {[%clk 01:24:47]}
{[%emt 00:00:59]} 7. e3 {[%clk 01:17:10]} {[%emt 00:04:54]} Bd6 {[%clk
01:23:14]} {[%emt 00:02:02]} 8. Nc3 {[%clk 01:14:45]} {[%emt 00:02:56]} Bb7
{[%clk 01:21:41]} {[%emt 00:02:03]} 9. f4 {[%clk 01:09:17]} {[%emt 00:05:57]}
O-O {[%clk 01:18:41]} {[%emt 00:03:30]} 10. Nf3 {[%clk 01:08:44]} {[%emt
00:01:03]} Nbd7 {[%clk 01:17:13]} {[%emt 00:01:59]} 11. Be2 {[%clk 01:06:17]}
{[%emt 00:02:56]} Qe7 {[%clk 01:16:06]} {[%emt 00:01:38]} 12. O-O {[%clk
01:01:18]} {[%emt 00:05:28]} Rad8 {[%clk 01:14:00]} {[%emt 00:02:37]} 13. Kh1
{[%clk 00:57:55]} {[%emt 00:03:53]} e5 {[%clk 01:12:42]} {[%emt 00:01:48]} 14.
b4 {[%clk 00:53:58]} {[%emt 00:04:27]} d4 {[%clk 01:09:48]} {[%emt 00:03:23]}
15. bxc5 {[%clk 00:53:06]} {[%emt 00:01:22]} Bxc5 {[%clk 01:09:42]} {[%emt
00:00:37]} 16. exd4 {[%clk 00:50:53]} {[%emt 00:02:43]} exd4 {[%clk 01:09:26]}
{[%emt 00:00:45]} 17. Nxd4 {[%clk 00:47:01]} {[%emt 00:04:22]} Nb6 {[%clk
01:08:15]} {[%emt 00:01:41]} 18. Nf5 {[%clk 00:41:56]} {[%emt 00:05:35]} Qe6
{[%clk 00:59:25]} {[%emt 00:09:21]} 19. Qc2 {[%clk 00:41:21]} {[%emt 00:01:04]}
Ne4 {[%clk 00:59:20]} {[%emt 00:00:35]} 20. Nxe4 {[%clk 00:37:17]} {[%emt
00:04:34]} Bxe4 {[%clk 00:58:54]} {[%emt 00:00:55]} 21. Qxc5 {[%clk 00:36:56]}
{[%emt 00:00:52]} Bxg2+ {[%clk 00:54:28]} {[%emt 00:04:56]} 22. Kxg2 {[%clk
00:36:26]} {[%emt 00:00:59]} Qxe2+ {[%clk 00:54:27]} {[%emt 00:00:31]} 23. Kg1
{[%clk 00:36:38]} {[%emt 00:00:18]} Rd1 {[%clk 00:45:28]} {[%emt 00:09:29]} 24.
Ng3 {[%clk 00:25:30]} {[%emt 00:11:38]} Rxf1+ {[%clk 00:45:45]} {[%emt
00:00:13]} 25. Nxf1 {[%clk 00:25:55]} {[%emt 00:00:06]} Qg4+ {[%clk 00:45:57]}
{[%emt 00:00:18]} 26. Ng3 {[%clk 00:25:48]} {[%emt 00:00:37]} Qd1+ {[%clk
00:46:08]} {[%emt 00:00:18]} 27. Nf1 {[%clk 00:25:36]} {[%emt 00:00:42]} Qg4+
{[%clk 00:43:09]} {[%emt 00:03:29]} 28. Ng3 {[%clk 00:22:44]} {[%emt 00:03:22]}
Qd1+ {[%clk 00:43:19]} {[%emt 00:00:21]} 29. Kg2 {[%clk 00:21:23]} {[%emt
00:01:51]} Nd5 {[%clk 00:39:24]} {[%emt 00:04:25]} 30. Qc4 {[%clk 00:15:22]}
{[%emt 00:06:31]} Kh8 {[%clk 00:38:10]} {[%emt 00:01:44]} 31. Qf1 {[%clk
00:15:37]} {[%emt 00:00:14]} Qc2+ {[%clk 00:37:19]} {[%emt 00:01:21]} 32. Qe2
{[%clk 00:15:32]} {[%emt 00:00:35]} Qc3 {[%clk 00:35:19]} {[%emt 00:02:30]} 33.
Rb1 {[%clk 00:15:27]} {[%emt 00:00:35]} Qc8 {[%clk 00:34:56]} {[%emt 00:00:53]}
34. Bd2 {[%clk 00:13:36]} {[%emt 00:02:22]} Re8 {[%clk 00:34:48]} {[%emt
00:00:38]} 35. Qf2 {[%clk 00:12:56]} {[%emt 00:01:10]} h5 {[%clk 00:32:41]}
{[%emt 00:02:35]} 36. Qf3 {[%clk 00:13:03]} {[%emt 00:00:25]} Nf6 {[%clk
00:30:52]} {[%emt 00:02:20]} 37. Nxh5 {[%clk 00:11:47]} {[%emt 00:01:46]} Ne4
{[%clk 00:29:56]} {[%emt 00:01:26]} 38. Rd1 {[%clk 00:11:10]} {[%emt 00:01:07]}
Rd8 {[%clk 00:28:57]} {[%emt 00:01:29]} 39. Bc3 {[%clk 00:08:57]} {[%emt
00:02:43]} Rg8 {[%clk 00:25:32]} {[%emt 00:03:53]} 40. Ng3 {[%clk 00:06:16]}
{[%emt 00:03:11]} Re8 {[%clk 00:24:51]} {[%emt 00:01:12]} 41. Nxe4 {[%clk
00:00:54]} {[%emt 00:05:53]} Rxe4 {[%clk 00:25:09]} {[%emt 00:00:11]} 42. Qxe4
{[%clk 00:00:34]} {[%emt 00:00:49]} Qg4+ {[%clk 00:25:33]} {[%emt 00:00:05]}
43. Kf2 {[%clk 00:00:49]} {[%emt 00:00:13]} Qh4+ {[%clk 00:25:17]} {[%emt
00:00:49]} 44. Ke3 {[%clk 00:00:57]} {[%emt 00:00:21]} Qh3+ {[%clk 00:25:38]}
{[%emt 00:00:10]} 45. Kd2 {[%clk 00:01:13]} {[%emt 00:00:07]} Qd7+ {[%clk
00:25:40]} {[%emt 00:00:36]} 46. Kc2 {[%clk 00:01:34]} {[%emt 00:00:07]} Qc7
{[%clk 00:26:01]} {[%emt 00:00:11]} 47. Qe5 {[%clk 00:01:43]} {[%emt 00:00:21]}
Qf7 {[%clk 00:26:20]} {[%emt 00:00:11]} 48. Qxg7+ {[%clk 00:02:02]} {[%emt
00:00:12]} Qxg7 {[%clk 00:26:45]} {[%emt 00:00:04]} 49. Bxg7+ {[%clk 00:02:21]}
{[%emt 00:00:10]} Kxg7 {[%clk 00:26:48]} {[%emt 00:00:28]} 50. a4 {[%clk
00:02:43]} {[%emt 00:00:08]} Kf6 {[%clk 00:27:14]} {[%emt 00:00:03]} 51. a5
{[%clk 00:03:09]} {[%emt 00:00:04]} Ke6 {[%clk 00:27:33]} {[%emt 00:00:11]} 52.
b6 {[%clk 00:03:36]} {[%emt 00:00:04]} Kf6 {[%clk 00:27:59]} {[%emt 00:00:03]}
53. b7 {[%clk 00:04:01]} {[%emt 00:00:06]} Ke6 {[%clk 00:28:26]} {[%emt
00:00:02]} 54. b8=Q {[%clk 00:04:23]} {[%emt 00:00:08]} a6 {[%clk 00:28:52]}
{[%emt 00:00:04]} 55. Qe5+ {[%clk 00:04:43]} {[%emt 00:00:10]} Kf7 {[%clk
00:29:17]} {[%emt 00:00:04]} 56. Rd7+ {[%clk 00:05:07]} {[%emt 00:00:06]} Kg6
{[%clk 00:29:38]} {[%emt 00:00:09]} 57. Qg5# {[%clk 00:05:32]} {[%emt
00:00:05]} 1-0